Guess the Drake song by the Lyrics - Statistics

General Stats
  • This quiz has been taken 2,311 times
  • The average score is 13 of 21
Answer Stats
Lyrics Song % Correct
She say, "Do you love me?" I tell her, "Only partlyI only love my bed and my momma, I'm sorry" God's Plan
90%
Grips on your waistFront way, back way You know that I don't play One Dance
86%
Ever since I left the city, you, you, youYou and me, we just don't get along Hotline Bling
79%
Oh Lord, I'm the rookie and the vetShoutout to the bitches out here holdin' down the set 0 to 100
78%
Kiki, do you love me? Are you riding?Say you'll never ever leave from beside me In My Feelings
78%
I could dance like Michael JacksonI could give you thug passion Toosie Slide
72%
They know, they know, they knowThey know, they know, they know Headlines
70%
Seeing you got ritualisticCleansin' my soul of addiction for now 'Cause I'm fallin' apart Passionfruit
70%
Fuck a pigeonhole, I'm a night owl, this a different modeI might have to make her paint a 6 on her pinky toe Jimmy Cooks
69%
I understand, you got a hunnid bandsYou got a baby Benz, you got some bad friends High school pics, you was even bad then Nice For What
66%
I don't be givin' no fuck, huhI say whatever I want, yeah I do whatever I want, huh I'm countin' up money for fun IDGAF
62%
Ayy, sticks and stones, chrome on chromeThat's just what a n- on Internet clones, got 'em kissin' through the phone Clickin' up so they don't feel alone, ayy Rich Flex
58%
Sins, I got sins on my mindAnd some M's, got a lot of M's on my mind Wants and Needs
56%
I gotta be single for a while, you can't control meUno, dos, tres, in a race, they can't hold me Fair Trade
55%
I know that they at the crib goin' crazy, down badWhat they had didn't last, damn, baby Laugh Now Cry Later
48%
Checked the weather and it's gettin' real oppy outsideI'ma drop this shit and have these pussies droppin' like some motherfuckiin' flies Knife Talk
47%
I'm makin' a change today, the liquor been takin' the pain awayI heard you was givin' your chain away, that's kinda like givin' your fame away What's Next
43%
I've been down so long it look like up to meThey look up to me Fake Love
40%
It's a big gap between us in the gameIn the next life, I'm tryna stay paid Money In The Grave
40%
Life is amazin', it is what it should beBeen here for ten but I feel like a rookie I tell her, "Look up, " 'cause it's snowin' in Tootsie's Yes Indeed
38%
Dropped outta school now we dumb rich, dumb richThis sound like some forty-three-oh-one shit, one shit Pop Style
26%
No matching quizzes found
Score Distribution
Percent of People with Each Score
Percentile by Number Answered
Your Score History
You have not taken this quiz